Deixalleries : volum II volum II
Descripción Física:
[16], [14], [53], [30] p. : map., gràf., taules ; 30 cm
MARC
| LEADER | 00000nam a2200000Ia 4500 | ||
|---|---|---|---|
| 001 | 24347 | ||
| 003 | BGR | ||
| 005 | 20260324180608.0 | ||
| 008 | 160829s1996 xx 000 0 cat d | ||
| 080 | |a Bib-230 | ||
| 111 | |a Jornades Municipals de Valorització de Residus |9 71319 |c (Barcelona : |d 1996) | ||
| 245 | |a Deixalleries : |b volum II | ||
| 260 | |a Barcelona : |b Diputació de Barcelona. Servei del Medi Ambient, |c 1996 | ||
| 300 | |a [16], [14], [53], [30] p. : |b map., gràf., taules ; |c 30 cm | ||
| 650 | |a Deixalleries |x Congressos |9 49604 | ||
| 650 | |a Residus |x Catalunya |9 49605 | ||
| 650 | |a Residus |x Recollida selectiva |9 41202 | ||
| 710 | 1 | |a Barcelona (Catalunya : Província). |b Servei de Medi Ambient |9 53475 | |
| 901 | |a Arxiu | ||
| 942 | |n 1 |2 udc |c JC | ||
| 952 | |0 0 |1 0 |4 0 |6 BIB230 |7 1 |9 55476 |a Arxiu |b Arxiu |d 2016-12-01 |l 0 |o Bib-230 |p 24347 |r 2016-12-01 00:00:00 |w 2016-12-01 |y ARXIU | ||
| 999 | |c 59349 |d 59349 | ||